Statistics for Which Leeds Area

Click here to take the quiz!

General Stats

  • This quiz has been taken 20 times
  • The average score is 2 of 5

Answer Stats

Answer% Correct
Chapeltown
74%
Harehills
63%
Roundhay Road
37%
Gipton
11%
Fearnville
5%

Score Distribution

Percentile by Number Answered

Percent of People with Each Score

Your Score History

You have not taken this quiz